Planning (Record no. 78292)
[ view plain ]
| 000 -LEADER | |
|---|---|
| fixed length control field | 00904cab a2200217 4500 |
| 001 - CONTROL NUMBER | |
| control field | L136440 |
| 008 - FIXED-LENGTH DATA ELEMENTS--GENERAL INFORMATION | |
| fixed length control field | 070131n2006 000 0 eng u |
| 035 ## - SYSTEM CONTROL NUMBER | |
| System control number | (Sirsi) u136440 |
| 041 0# - LANGUAGE CODE | |
| Language code of text/sound track or separate title | eng |
| 245 00 - TITLE STATEMENT | |
| Title | Planning |
| Remainder of title | a capital investment |
| -- | from global to local, from plan to delivery |
| 260 ## - PUBLICATION, DISTRIBUTION, ETC. | |
| Date of publication, distribution, etc. | 2006 |
| 490 #0 - SERIES STATEMENT | |
| Series statement | Planning |
| Volume/sequential designation | June 2006 Supplement, 1-19(6)(LOAN) |
| 520 ## - SUMMARY, ETC. | |
| Summary, etc. | Discusses London public transport challenges, the unequal distribution of wealth in London, the possibility of the regeneration of East London resulting in other areas being overlooked, how London's hosting of the Olympic Games will affect the Lea Valley area and capital-wide targets for energy saving. |
| 590 ## - LOCAL NOTE (RLIN) | |
| Local note | KA |
| 650 24 - SUBJECT ADDED ENTRY--TOPICAL TERM | |
| Topical term or geographic name entry element | RTPI PLANNING CONVENTION |
| 650 24 - SUBJECT ADDED ENTRY--TOPICAL TERM | |
| Topical term or geographic name entry element | OLYMPIC GAMES 2012 |
| 651 #4 - SUBJECT ADDED ENTRY--GEOGRAPHIC NAME | |
| Geographic name | United Kingdom |
| Chronological subdivision | |
| 690 ## - LOCAL SUBJECT ADDED ENTRY--TOPICAL TERM (OCLC, RLIN) | |
| Topical term or geographic name as entry element | Planning and development |
| 9 (RLIN) | 6259 |
| 700 1# - ADDED ENTRY--PERSONAL NAME | |
| Personal name | Johnston, Bryan |
| Relator term | ed |
| 942 ## - ADDED ENTRY ELEMENTS (KOHA) | |
| Suppress in OPAC | 0 |
| Withdrawn status | Lost status | Source of classification or shelving scheme | Damaged status | Not for loan | Home library | Current library | Shelving location | Date acquired | Total Checkouts | Full call number | Barcode | Date last seen | Copy number | Price effective from | Koha item type |
|---|---|---|---|---|---|---|---|---|---|---|---|---|---|---|---|
| Dewey Decimal Classification | London | London | Journal article | 31/01/2007 | L136440 | 30070093 | 06/08/2019 | 1 | 06/08/2019 | Journal article |